000 00519nam a2200181Ia 4500
999 _c16703
_d16703
003 OSt
005 20200606120000.0
008 190216s9999||||xx |||||||||||||| ||und||
020 _a8190266950
040 _cMESKC library
082 _a891.431
_bSHA/M
100 _aSharma, Deepchanth
_9431
245 0 _aMuhoorth Deepachandrika /
_cDeepchanth Sharma
260 _bJnanodai Prakashan,
_c2005.
_aDelhi:
300 _a152p
650 _aHindi
942 _cBK
_2ddc
_h891.431
_iSHA/M
_k891.431
_mSHA/M